000 00812cam a2200325 4500
008 090401t1993 xxu||||| |||| 00| 0 eng d
020 _a1872423760
035 _a(Sirsi) u67686
041 _aeng
050 _a306.1
100 _aBoleat, Mark
245 _aHousing in Britain.
250 _a3rd ed.
260 _aLondon
_bBuilding Societies Association
_c1993
300 _avi,63p. ; 30cm.
350 _a20
520 _aIncludes section on international comparisons.
650 _aAUSTRALIA
650 _aCANADA
650 _aEUROPE
650 _aJAPAN
650 _aNEW ZEALAND
650 _aSTATISTICS
650 _aUNITED STATES OF AMERICA
690 _aHOUSING
700 _aTaylor, Bev
710 _aBuilding Societies Association
_91731
942 _n0
948 _c04/03/1997
999 _c95038
_d95038